Anundoram Barooah/ (Record no. 11544)

MARC details
000 -LEADER
fixed length control field 00610nam a22002057a 4500
005 - DATE AND TIME OF LATEST TRANSACTION
control field 20230529132109.0
008 - FIXED-LENGTH DATA ELEMENTS--GENERAL INFORMATION
fixed length control field 230529b ||||| |||| 00| 0 eng d
020 ## - INTERNATIONAL STANDARD BOOK NUMBER
International Standard Book Number 9789382860093
040 ## - CATALOGING SOURCE
Original cataloging agency IN-DiNC
Transcribing agency IN-DiNC
041 ## - LANGUAGE CODE
Language code of sung or spoken text Assamese
082 ## - DEWEY DECIMAL CLASSIFICATION NUMBER
Classification number 920
Item number SHA
100 ## - MAIN ENTRY--PERSONAL NAME
Personal name Sharma, Mukunda Madhava
Relator term Author
245 ## - TITLE STATEMENT
Title Anundoram Barooah/
Statement of responsibility, etc. by Mukunda Madhava Shram
250 ## - EDITION STATEMENT
Edition statement 1st ed.
260 ## - PUBLICATION, DISTRIBUTION, ETC.
Place of publication, distribution, etc. Guwahati:
Name of publisher, distributor, etc. Anundoram Barooah Institute of Language, Art & Culture,
Date of publication, distribution, etc. 2015.
300 ## - PHYSICAL DESCRIPTION
Extent 158p.
650 ## - SUBJECT ADDED ENTRY--TOPICAL TERM
Topical term or geographic name entry element Biography of Anundoram Barooah
700 ## - ADDED ENTRY--PERSONAL NAME
Personal name Goswami, Ashok Kumar
Relator term Translator
942 ## - ADDED ENTRY ELEMENTS (KOHA)
Source of classification or shelving scheme Dewey Decimal Classification
Koha item type Books
Holdings
Withdrawn status Lost status Source of classification or shelving scheme Damaged status Not for loan Collection code Home library Current library Shelving location Date acquired Cost, normal purchase price Total Checkouts Full call number Barcode Date last seen Copy number Price effective from Koha item type
    Dewey Decimal Classification     General Collection Central Library, Naharkatiya College Central Library, Naharkatiya College General Stacks 29/05/2023 200.00   920 SHA 25703 29/05/2023 1 29/05/2023 Books
    Dewey Decimal Classification     General Collection Central Library, Naharkatiya College Central Library, Naharkatiya College General Stacks 02/06/2023 200.00   920 SHA 25799 02/06/2023 2 02/06/2023 Books

Naharkatiya College © 2020. All rights reserved.

Powered By